[Event "RUS-Cup04"]
[Site "Samara"]
[Date "2002.07.29"]
[Round "4"]
[White "Shkliar, Stanislav"]
[Black "Tihonov, Jurij"]
[Result "0-1"]
[WhiteElo "2211"]
[BlackElo "2382"]
[PlyCount "62"]
[EventDate "2002.07.26"]
[EventType "swiss"]
[EventRounds "9"]
[EventCountry "RUS"]
[SourceTitle "CBM 089 Extra"]
[Source "ChessBase"]
[SourceDate "2002.09.10"]
[SourceVersion "2"]
[SourceVersionDate "2002.09.10"]
[SourceQuality "1"]

1. d4 Nf6 2. c4 g6 3. Nc3 Bg7 4. e4 d6 5. Be2 0-0 6. Bg5 Na6 7. Nf3 Qe8 8. 0-0 e5 9. dxe5 dxe5 10. Nd5 Nxe4 11. Be7 c6 12. Bxf8 Qxf8 13. Ne3 Nec5 14. Nc2 Bf5 15. Ne3 Rd8 16. Qc1 Bd3 17. Bxd3 Nxd3 18. Qc2 e4 19. Nd2 Nac5 20. Rad1 Nxb2 21. Rb1 Nbd3 22. Rfd1 f5 23. Nb3 Na4 24. Na5 Nc3 25. Rxb7 Nxd1 26. Nxd1 Qc5 27. Nb3 Qa3 28. Ne3 Qa6 29. Rc7 Be5 30. Re7 Bf6 31. Rc7 Qb6 0-1